00991pab a2200181 454500008004000000100002000040245008400060260000900144300001600153362001100169520041900180650002100599700002300620773003400643909001000677999001700687952010500704180718b2002 xxu||||| |||| 00| 0 eng d aMohapatra, K.M. aLeather goods industry in Kanpur: casteism, religion and business interlinkings c2002 ap.4029-035. a28 Sep aThis study explores how socio-economic factors interlink producers' businesses and production activities, and how business interlinkings cause extra-economic coercion on producers of both the Hindu and muslim communities, as well as those of various sub-castes and investment sizes. A cooperative could help alleviate many problems of the producers, and also mitigate caste and religious prejudices. - Reproduced. aLeather industry aSrivastava, Kavita aEconomic and Political Weekly a53981 c53981d53981 00104070aIIPAbIIPAd2018-07-19hVolume no: 37, Issue no: 39pAR54426r2018-07-19w2018-07-19yAR